Statistiques concernant Paroles - Michel Berger - Quelques mots d'amour

Cliquez ici pour prendre le quiz!

Statistiques générales

  • Ce quiz a été pris 184 fois
    (156 depuis la dernière actualisation)
  • Le résultat moyen est 166 sur 202

Statistiques - réponses

Réponse% Correct
je
99%
que
99%
de
98%
mots
98%
quelques
98%
à
97%
d'amour
97%
me
97%
mon
97%
le
93%
mes
92%
se
92%
ce
91%
t'envoie
91%
et
90%
90%
tout
90%
est
87%
des
85%
plus
85%
qui
85%
suis
85%
ces
84%
84%
sens
84%
seul
84%
d'aéroport
83%
il
83%
jours
83%
monde
83%
ne
83%
du
82%
images
82%
un
82%
une
82%
village
82%
belles
81%
étoile
79%
fort
79%
les
79%
moi
79%
si
79%
sort
79%
retourne
78%
tous
78%
comme
77%
gens
77%
papillon
77%
sentiment
77%
sur
77%
capitale
76%
l'ironie
76%
veulent
76%
bizarre
74%
pour
74%
voyages
73%
mal
72%
manque
72%
quelqu'un
72%
près
71%
au
70%
décor
70%
connaissent
69%
dans
69%
être
69%
millions
68%
d'où
66%
parmi
66%
vient
66%
amis
65%
coeur
65%
peut
64%
glacial
63%
l'air
63%
l'heure
62%
cent
61%
chaud
60%
danser
57%
filles
57%
remplacer
57%
victoires
55%
musique
54%
sourires
53%
battements
52%
boites
52%
répéter
50%
qu'aucune
49%
coeurs
48%
greffent
48%
docteurs
47%
nuits
46%
passent
45%
saura
45%
j'écoute
44%
inhabitées
43%

Distribution des résultats

Percentile par nombre de réponses

% des personnes avec chaque résultat

Votre développement - résultats

Vous n’avez pas pris ce quiz depuis la dernière actualisation